000 00369 a2200121 4500
020 _a5283024660
920 _a5-283-02466-0
100 1 _aOkosi, T..
_eAutor
700 1 _aOkamoto, K..
_eAutor
245 0 _aVolokonno-opticzeskie datcziki /
_cOkosi T., Okamoto K..
710 2 _aEnergoatomizdat.
_eWydawca
_4pbl
260 _aMoskva :
_bEnergoatomizdat,
_c1991.
300 _a256 s.:
_bil.;
_c21 cm.
999 _c2076
_d2076